000 00406nam a2200181Ia 4500
001 8973
005 20260306160649.0
008 260306t2016||||xx |||||||||||||| ||spa||
041 _aESP
082 _a372.21
_bA32
100 _aAguilar, Marcela
_eAUT
245 0 _aManual de la maestra de preescolar
260 _c2016
300 _a
_c
650 _aGEN
654 _aCED
942 _cLIB
_dJUS
_fJUS
_2ddc
_n
999 _c8973
_d8973